| 000 | 01054nam a22002777a 4500 | ||
|---|---|---|---|
| 999 |
_c64060 _d64060 |
||
| 005 | 20240530110712.0 | ||
| 008 | 180212s2016 ua g 000 0 ara d | ||
| 017 |
_a2016/19317 _bمصر. دار الكتب |
||
| 020 | _a9789773833144 | ||
| 040 |
_aEG-CaGPL _cEG-CaGPL |
||
| 082 | 0 | 4 |
_221 _a332.11 / _bم ب |
| 100 | 0 | _aمحسن احمد الخضيرى | |
| 245 | 1 | 2 |
_aالبنوك المركزية : _bفاعلية الاشراف على البنوك فى عالم متغير / _cاعداد محسن احمد الخضيرى |
| 250 | _aط. 1 | ||
| 260 |
_aالقاهرة : _bايتراك للطباعة و النشر و التوزيع ، _c2016. |
||
| 300 |
_a356 ص. ؛ _c24 سم. |
||
| 650 | 0 | 7 |
_2qrmak _aالبنوك |
| 650 | 0 | 7 |
_2qrmak _aالاوراق التجارية |
| 650 | 0 | 7 |
_2qrmak _aالاقتصاد |
| 650 | 0 | 7 |
_2qrmak _aالبنوك المركزية |
| 650 | 0 | 7 |
_2qrmak _aالسياسة المالية |
| 650 | 0 | 7 |
_2qrmak _aالميزانية |
| 651 | _2qrmak | ||
| 942 |
_2ddc _cBK |
||